| 000 | 01771fam a2200361 a 4500 | ||
|---|---|---|---|
| 001 | 1699516 | ||
| 003 | ARRUPE | ||
| 005 | 20150807115244.0 | ||
| 008 | 941114s1995 enk b 001 0 eng | ||
| 010 | _a 94049980 | ||
| 020 | _a0521453178 (hbk.) | ||
| 035 | _a(OCoLC)31608418 | ||
| 035 | _a(OCoLC)ocm31608418 | ||
| 035 | _a(NNC)1699516 | ||
| 040 |
_aDLC _cDLC _dDLC _dNNC _dOrLoB |
||
| 050 | 0 | 0 |
_aBV5083 _b.T87 1995 |
| 082 | 0 | 0 |
_a248.2/2/0902 _220 |
| 100 | 1 |
_aTurner, Denys, _d1942- _918533 |
|
| 245 | 1 | 4 |
_aThe darkness of God : _bnegativity in Christian mysticism / _cDenys Turner. |
| 260 |
_aCambridge ; _aNew York, NY, USA : _bCambridge University Press, _c1995. |
||
| 263 | _a9511 | ||
| 300 |
_ax, 278 p. ; _c24 cm. |
||
| 504 | _aIncludes bibliographical references (p. 274-275) and index. | ||
| 505 | 0 | 0 |
_g1. _tThe Allegory and Exodus -- _g2. _tCataphatic and the apophatic in Denys the Areopagite -- _g3. _tThe God within: Augustine's Confessions -- _g4. _tInteriority and ascent: Augustine's De Trinitate -- _g5. _tHierarchy interiorised: Bonaventure's Itinerarium Mentis in Deum -- _g6. _tEckhart: God and the self -- _g7. _tEckhart: detachment and the critique of desire -- _g8. _tThe Cloud of Unknowing and the critique of interiority -- _g9. _tDenys the Carthusian and the problem of experience -- _g10. _tJohn of the Cross: the dark nights and depression -- _g11. _tFrom mystical theology to mysticism. |
| 650 | 0 |
_aMysticism _xHistory _yMiddle Ages, 600-1500. _92246 |
|
| 650 | 0 |
_aLanguage and languages _xReligious aspects _xChristianity. _911284 |
|
| 650 | 0 |
_aNegativity (Philosophy) _918534 |
|
| 650 | 0 |
_aNeoplatonism. _918535 |
|
| 650 | 0 |
_aPsychology, Religious. _918536 |
|
| 740 | 0 | 1 | _aMetaphors of negativity. |
| 900 | _bTOC | ||
| 942 |
_2lcc _cMONOGRAPH |
||
| 999 |
_c123040 _d123040 |
||